[Event "South American-ch U12"]
[Site "Santiago de Chile"]
[Date "2016.12.04"]
[Round "5.6"]
[White "Lopez Herrera, Piero"]
[Black "Alza Rios, Jose Karlo"]
[Result "1-0"]
[WhiteElo "1727"]
[BlackElo "1509"]
[PlyCount "49"]
[EventDate "2016.12.01"]
[EventType "swiss"]
[EventRounds "9"]
[EventCountry "CHI"]
[SourceTitle "EXT 2022"]
[Source "ChessBase"]
[SourceDate "2021.10.06"]
[SourceVersion "1"]
[SourceVersionDate "2021.10.06"]
[SourceQuality "1"]

1. e4 c5 2. Nf3 e6 3. d4 cxd4 4. Nxd4 a6 5. Nc3 b5 6. Be3 Bb7 7. f3 Qc7 8. Bd3 Nf6 9. Nce2 d6 10. Qd2 Nbd7 11. Rc1 Rc8 12. 0-0 Qb8 13. c4 bxc4 14. Bxc4 d5 15. exd5 Nxd5 16. Bxd5 Bxd5 17. Rxc8+ Qxc8 18. b3 Be7 19. Nf4 Qb7 20. Nf5 Nf6 21. Nxg7+ Kf8 22. Nxd5 Qxd5 23. Qxd5 exd5 24. Nf5 Bb4 25. Bd4 1-0